Ob odnom spornom meste u L. Tolstogo

Elmentve itt :
Bibliográfiai részletek
Szerző: Fejér Ádám
Dokumentumtípus: Cikk
Megjelent: 1967
Sorozat:Dissertationes slavicae 5
Kulcsszavak:Tolstoj Lev Nikolaevič, Irodalomtudomány
Online Access:http://acta.bibl.u-szeged.hu/685
LEADER 00610nab a2200181 i 4500
001 acta685
005 20210310125111.0
008 161015s1967 hu o 0|| rus d
022 |a 0586-3732 
040 |a SZTE Egyetemi Kiadványok Repozitórium  |b hun 
041 |a rus 
100 1 |a Fejér Ádám 
245 1 0 |a Ob odnom spornom meste u L. Tolstogo  |h [elektronikus dokumentum] /  |c  Fejér Ádám 
260 |c 1967 
300 |a 51-53 
490 0 |a Dissertationes slavicae  |v 5 
695 |a Tolstoj Lev Nikolaevič, Irodalomtudomány 
856 4 0 |u http://acta.bibl.u-szeged.hu/685/1/dissert_slav_005_051-053.pdf  |z Dokumentum-elérés